000 01347cam a2200349 i 4500
001 21875145
003 OSt
005 20231206135301.0
008 210122s2021 enkab b 001 0deng
010 _a 2021931099
020 _a9780198841111
_q(pbk.)
040 _aDLC
_beng
_erda
_cDLC
_dDLC
042 _apcc
043 _ae-uk---
050 0 0 _aDA30
_b.O93 2021
082 0 0 _a941
_bMOR/O
245 0 4 _aThe Oxford history of Britain /
_cedited by Kenneth O. Morgan.
250 _aRevised edition.
250 _a2021 edition.
264 1 _aOxford, United Kingdom ;
_aNew York, NY :
_bOxford University Press,
_c2021.
300 _axiv, 867 pages :
_billustrations, maps ;
_c20 cm
336 _atext
_btxt
_2rdacontent
337 _aunmediated
_bn
_2rdamedia
338 _avolume
_bnc
_2rdacarrier
504 _aIncludes bibliographical references (pages 753-785) and index.
651 0 _aGreat Britain
_xHistory.
700 1 _aMorgan, Kenneth O.
_eeditor.
_910067
775 0 8 _iRevision of:
_aMorgan, Kenneth O.
_tOxford history of Britain
_dOxford ; New York : Oxford University Press, 2010
_z9780199579259
_w(DLC) 2010279308
906 _a7
_bcbc
_corignew
_d2
_eepcn
_f20
_gy-gencatlg
942 _2ddc
_cBK
_h941
_iMOR/O
_k941
_mMOR/O
999 _c43775
_d43775